[Event "Titled Tuesday intern op 18th Jul Late"]
[White "Melnichuk, Mikhail"]
[Black "Barwinska, Ewa"]
[Site "Chess.com INT"]
[Round "7"]
[Result "1-0"]
[Date "2023.07.18"]
[WhiteElo "2327"]
[BlackElo "2029"]
[PlyCount "87"]
[EventDate "2023.07.18"]
[EventType "swiss (blitz)"]
[EventRounds "11"]
[EventCountry "USA"]
[SourceTitle "EXT 2024"]
[Source "ChessBase"]
[SourceDate "2023.10.10"]
[SourceVersion "1"]
[SourceVersionDate "2023.10.10"]
[SourceQuality "1"]

1. e4 c5 2. Nf3 d6 3. d4 cxd4 4. Nxd4 Nf6 5. Nc3 a6 6. Be3 e5 7. Nf3 Qc7 8. h3 h6 9. g4 Be6 10. Bg2 b5 11. a3 Be7 12. Qd2 Nbd7 13. g5 hxg5 14. Nxg5 Nb6 15. Nxe6 fxe6 16. Bxb6 Qxb6 17. 0-0-0 b4 18. Na4 Qb5 19. Qxb4 Qxb4 20. axb4 Rb8 21. c3 Nh5 22. Bf1 Ra8 23. Nb6 Ra7 24. Nc8 Rd7 25. Bxa6 Kf7 26. Bb5 Rdd8 27. Nxe7 Kxe7 28. Rhg1 Kf6 29. Be2 Nf4 30. Bg4 Nxh3 31. Bxh3 Rxh3 32. Kc2 d5 33. Rd3 Rxd3 34. Kxd3 Ra8 35. c4 Rb8 36. b5 dxc4+ 37. Kxc4 Rc8+ 38. Kb4 Rc2 39. b3 Rc8 40. b6 Rb8 41. Kb5 g5 42. Kc6 Ke7 43. b7 Rg8 44. Kc7 1-0

[Event "Eljanov Memorial 6th"]
[White "Melnichuk, Mikhail"]
[Black "Berkovich, Mark A"]
[Site "Chess.com INT"]
[Round "5"]
[Result "1-0"]
[Date "2020.10.29"]
[WhiteElo "2327"]
[BlackElo "2326"]
[PlyCount "69"]
[EventDate "2020.10.29"]
[EventType "swiss (blitz)"]
[EventRounds "9"]
[EventCountry "UKR"]
[SourceTitle "CBM 199 Extra"]
[Source "ChessBase"]
[SourceDate "2021.01.31"]
[SourceVersion "1"]
[SourceVersionDate "2021.01.31"]
[SourceQuality "1"]

1. Nf3 f5 2. c4 Nf6 3. Nc3 g6 4. d4 Bg7 5. g3 0-0 6. Bg2 d6 7. 0-0 c6 8. b3 e5 9. dxe5 dxe5 10. e4 Qc7 11. Ba3 Rd8 12. Qe2 Re8 13. Rad1 Qa5 14. Bb2 Na6 15. Nh4 f4 16. a3 Bg4 17. Bf3 Bh3 18. Rfe1 Qc7 19. b4 Qf7 20. Bg2 Bg4 21. Bf3 Bh3 22. c5 Nc7 23. Nb1 g5 24. Nf5 Bxf5 25. exf5 e4 26. Bh1 Ncd5 27. Nc3 e3 28. Nxd5 Nxd5 29. Bxg7 Kxg7 30. fxe3 Nxe3 31. Qb2+ Kg8 32. Rd6 Rad8 33. Qd4 Nxf5 34. Rxd8 Nxd4 35. Rdxe8+ 1-0

[Event "Eljanov Memorial 6th"]
[White "Starozhilov, Leonid"]
[Black "Melnichuk, Mikhail"]
[Site "Chess.com INT"]
[Round "8"]
[Result "0-1"]
[Date "2020.10.29"]
[WhiteElo "2318"]
[BlackElo "2327"]
[PlyCount "122"]
[EventDate "2020.10.29"]
[EventType "swiss (blitz)"]
[EventRounds "9"]
[EventCountry "UKR"]
[SourceTitle "CBM 199 Extra"]
[Source "ChessBase"]
[SourceDate "2021.01.31"]
[SourceVersion "1"]
[SourceVersionDate "2021.01.31"]
[SourceQuality "1"]

1. c4 Nf6 2. Nc3 e6 3. Nf3 d5 4. e3 b6 5. Be2 Bb7 6. 0-0 Nbd7 7. d4 Be7 8. b3 0-0 9. Bb2 c5 10. cxd5 Nxd5 11. Rc1 Rc8 12. Nxd5 Bxd5 13. Ba6 Rc7 14. Qe2 Bf6 15. Bb5 cxd4 16. Nxd4 Nc5 17. Rfd1 Qe7 18. Ba3 Rfc8 19. Ba6 Rd8 20. Bc4 Bb7 21. Nb5 Rcd7 22. Nxa7 Bxg2 23. Kxg2 Rxa7 24. Rxd8+ Qxd8 25. Bxc5 bxc5 26. a4 Rd7 27. Rc2 g6 28. Qf3 Kg7 29. Ra2 Qa5 30. h3 h5 31. Qe4 Qe1 32. Re2 Qa1 33. Bd3 Qc3 34. Bc4 Qa1 35. Bd3 Rd5 36. h4 Bxh4 37. Qxh4 Rxd3 38. Qc4 Rd5 39. Rc2 Rg5+ 40. Kf3 Qd1+ 41. Re2 Qh1+ 42. Kf4 Rg4+ 43. Ke5 Rxc4 44. bxc4 Qa1+ 45. Kd6 Qd1+ 46. Kxc5 Qxe2 47. a5 Qxf2 48. a6 Qxe3+ 49. Kc6 Qa7 50. Kb5 Kf6 51. c5 Ke7 52. c6 Kd6 53. c7 Kxc7 54. Kc4 Qxa6+ 55. Kd4 Kd6 56. Ke4 Qc4+ 57. Kf3 Ke5 58. Kg3 Qf4+ 59. Kh3 Qg4+ 60. Kh2 Kf4 61. Kh1 Kf3 0-1

[Event "Titled Tuesday intern op 5th Nov"]
[White "Melnichuk, Mikhail"]
[Black "Grachev, Boris V"]
[Site "Chess.com INT"]
[Round "2"]
[Result "0-1"]
[Date "2019.11.05"]
[WhiteElo "2327"]
[BlackElo "2608"]
[PlyCount "50"]
[EventDate "2019.11.05"]
[EventType "swiss (blitz)"]
[EventRounds "10"]
[EventCountry "USA"]
[SourceTitle "EXT 2021"]
[Source "ChessBase"]
[SourceDate "2020.10.23"]
[SourceVersion "1"]
[SourceVersionDate "2020.10.23"]
[SourceQuality "1"]

1. Nf3 d5 2. g3 Nf6 3. Bg2 e6 4. 0-0 Be7 5. d4 0-0 6. c4 Nbd7 7. b3 dxc4 8. bxc4 c5 9. Bb2 cxd4 10. Nxd4 Qc7 11. Nd2 a6 12. a4 Ne5 13. Qb3 Bd7 14. Rab1 Nc6 15. Nxc6 Bxc6 16. Bxc6 bxc6 17. Bxf6 gxf6 18. Qb7 Rfc8 19. Nf3 a5 20. Rfd1 Bb4 21. Rd7 Qxb7 22. Rxb7 Rd8 23. e3 c5 24. Kf1 Rd3 25. Rd1 Rxd1+ 0-1

[Event "Titled Tuesday intern op 1st Oct"]
[White "Melnichuk, Mikhail"]
[Black "Bryakin, Mikhail"]
[Site "Chess.com INT"]
[Round "2"]
[Result "1-0"]
[Date "2019.10.01"]
[WhiteElo "2327"]
[BlackElo "2440"]
[PlyCount "75"]
[EventDate "2019.10.01"]
[EventType "swiss (blitz)"]
[EventRounds "10"]
[EventCountry "USA"]
[SourceTitle "EXT 2021"]
[Source "ChessBase"]
[SourceDate "2020.10.23"]
[SourceVersion "1"]
[SourceVersionDate "2020.10.23"]
[SourceQuality "1"]

1. Nf3 d5 2. g3 c6 3. Bg2 Nf6 4. 0-0 Bf5 5. d4 e6 6. c4 h6 7. b3 Be7 8. Bb2 0-0 9. Nc3 Nbd7 10. e3 a5 11. Qe2 Ne4 12. Rfd1 Qb6 13. Nxe4 Bxe4 14. Ne1 Bxg2 15. Kxg2 a4 16. c5 Qc7 17. b4 b5 18. Nd3 Rfd8 19. a3 Bf6 20. f4 Be7 21. Qf3 Nf6 22. g4 Ne4 23. Nf2 f5 24. Nxe4 dxe4 25. Qh3 Rd5 26. Kh1 Kh7 27. Rg1 g6 28. Rg2 Rg8 29. Rag1 Qd7 30. Rg3 Bf8 31. Qg2 Qf7 32. g5 hxg5 33. Rxg5 Bh6 34. Rg3 Qf6 35. Rh3 g5 36. fxg5 Rxg5 37. Qxg5 Qxg5 38. Rxg5 1-0

[Event "Titled Tuesday intern op 7th Aug"]
[White "Melnichuk, Mikhail"]
[Black "Kislov, Oleg"]
[Site "Chess.com INT"]
[Round "6"]
[Result "1-0"]
[Date "2018.08.07"]
[WhiteElo "2338"]
[BlackElo "2249"]
[PlyCount "107"]
[EventDate "2018.08.07"]
[EventType "swiss (blitz)"]
[EventRounds "10"]
[EventCountry "USA"]
[SourceTitle "EXT 2021"]
[Source "ChessBase"]
[SourceDate "2020.10.23"]
[SourceVersion "1"]
[SourceVersionDate "2020.10.23"]
[SourceQuality "1"]

1. Nf3 d5 2. g3 Nf6 3. Bg2 Bg4 4. 0-0 Nbd7 5. d4 c6 6. c4 e6 7. b3 Ne4 8. Bb2 Bd6 9. Nc3 f5 10. Qc2 0-0 11. e3 Bxf3 12. Bxf3 Ndf6 13. Bg2 Nxc3 14. Bxc3 Ne4 15. Bb2 Qe7 16. a3 h5 17. f3 Nf6 18. Qf2 g5 19. Qe2 g4 20. f4 h4 21. gxh4 Rf7 22. Bc3 Rh7 23. Be1 Bxa3 24. c5 Bxc5 25. dxc5 Qxc5 26. b4 Qb6 27. Bc3 Nd7 28. h3 Rxh4 29. Qf2 Qd8 30. Qg3 Qe7 31. Be1 Rh7 32. hxg4 fxg4 33. Qxg4+ Rg7 34. Qf3 Kf7 35. Bc3 Nf6 36. Bd4 Rag8 37. Rf2 a6 38. Kf1 Qxb4 39. Bxf6 Kxf6 40. f5 e5 41. Qh3 Qc4+ 42. Kg1 Qg4 43. Qh6+ Kf7 44. Qe6+ Kf8 45. Qc8+ Kf7 46. Qxb7+ Kf6 47. Qxc6+ Kg5 48. Qxd5 Kh4 49. Rc1 e4 50. Kf1 Qxg2+ 51. Rxg2 Rxg2 52. Qxe4+ R2g4 53. Qh1+ Kg5 54. Ke2 1-0

[Event "Titled Tuesday intern op 7th Aug"]
[White "Melnichuk, Mikhail"]
[Black "Kleiman, Jake"]
[Site "Chess.com INT"]
[Round "9"]
[Result "1-0"]
[Date "2018.08.07"]
[WhiteElo "2338"]
[BlackElo "2399"]
[PlyCount "213"]
[EventDate "2018.08.07"]
[EventType "swiss (blitz)"]
[EventRounds "10"]
[EventCountry "USA"]
[SourceTitle "EXT 2021"]
[Source "ChessBase"]
[SourceDate "2020.10.23"]
[SourceVersion "1"]
[SourceVersionDate "2020.10.23"]
[SourceQuality "1"]

1. g3 d5 2. Bg2 e6 3. Nf3 Nf6 4. 0-0 g6 5. b3 Bg7 6. Bb2 0-0 7. c4 a5 8. a4 Nc6 9. d4 Ne4 10. e3 Nb4 11. Nc3 f5 12. Ne1 c6 13. Nd3 Bd7 14. Nxe4 fxe4 15. Nxb4 axb4 16. c5 e5 17. dxe5 Qe7 18. Qd4 Bg4 19. Qxb4 h5 20. h3 Bf3 21. a5 Ra6 22. Bd4 Rf7 23. Qc3 Qe6 24. b4 Ra8 25. b5 cxb5 26. Rab1 h4 27. Kh2 Raf8 28. c6 bxc6 29. a6 Bxg2 30. Kxg2 hxg3 31. fxg3 Rxf1 32. Rxf1 Rxf1 33. Kxf1 Qxh3+ 34. Ke2 Qg2+ 35. Kd1 Qf1+ 36. Kc2 Qe2+ 37. Kb3 b4 38. Qxc6 Qd3+ 39. Kb2 Qe2+ 40. Kb3 Qd3+ 41. Ka4 Qa3+ 42. Kb5 Qd3+ 43. Kb6 b3 44. Qxd5+ Kh7 45. Qb5 Qc2 46. a7 Qa2 47. Kb7 b2 48. Qxb2 Qd5+ 49. Kb6 Qe6+ 50. Kb5 Qd7+ 51. Kc4 Qc6+ 52. Kb3 Bf8 53. Qh2+ Kg8 54. Qc2 Qb5+ 55. Ka2 Qa6+ 56. Kb1 Qf1+ 57. Qc1 Qb5+ 58. Bb2 Qa6 59. Qc7 Qf1+ 60. Ka2 Qa6+ 61. Kb3 Qb5+ 62. Ka2 Qa6+ 63. Kb1 Qf1+ 64. Qc1 Qa6 65. Qc2 Qxa7 66. Qxe4 Qf7 67. Qf4 Qe6 68. Qe4 Kf7 69. Qf4+ Ke8 70. Qa4+ Kf7 71. Kc2 Be7 72. Qf4+ Kg8 73. Kd3 Qd5+ 74. Qd4 Qe6 75. Qc4 Kf7 76. Qxe6+ Kxe6 77. Ke4 Bd8 78. Bd4 Be7 79. Kf4 Bd8 80. Kg4 Be7 81. Kf3 Bg5 82. Ke4 Bh6 83. Bc5 Bg5 84. Bd6 Bd8 85. Bf8 Bg5 86. Bg7 Be7 87. Bf6 Bc5 88. Kf4 Bb6 89. Kg5 Kf7 90. e4 Be3+ 91. Kg4 Ke6 92. Bg5 Bc5 93. Bf4 Be7 94. Kf3 Bd8 95. Kg4 Be7 96. Bg5 Bc5 97. Kf4 Bd4 98. Bf6 Bc5 99. Kg5 Kf7 100. e6+ Kxe6 101. Kxg6 Be3 102. g4 Bd2 103. g5 Bf4 104. Kh5 Kf7 105. Kg4 Bc7 106. Kf5 Bd8 107. Bxd8 1-0

[Event "Novoyavorivsk-ch"]
[White "Melnichuk, Mikhail"]
[Black "Omelja, Artem"]
[Site "Novoyavorivsk"]
[Round "5"]
[Result "1/2-1/2"]
[Date "2013.10.05"]
[WhiteElo "2362"]
[BlackElo "2253"]
[PlyCount "63"]
[EventDate "2013.10.03"]
[EventType "tourn"]
[EventRounds "9"]
[EventCountry "UKR"]
[EventCategory "2"]
[SourceTitle "EXT 2014"]
[Source "ChessBase"]
[SourceDate "2013.11.20"]
[SourceVersion "1"]
[SourceVersionDate "2013.11.20"]
[SourceQuality "1"]

1. e4 e6 2. d4 d5 3. Nc3 Bb4 4. e5 Qd7 5. Bd2 Ne7 6. Nce2 Bxd2+ 7. Qxd2 b6 8. f4 Ba6 9. Nf3 c5 10. 0-0-0 Nbc6 11. Qc3 Bxe2 12. Bxe2 c4 13. b4 b5 14. Kd2 a5 15. a3 Qa7 16. Qb2 f6 17. c3 axb4 18. axb4 Qa2 19. Rb1 h5 20. Bd1 Nxb4 21. Bc2 Qxb2 22. Rxb2 Nxc2 23. Kxc2 Ra5 24. Rhb1 Nf5 25. Rxb5 Rxb5 26. Rxb5 Kf7 27. Rb7+ Kg6 28. g3 Ra8 29. Kb2 Rh8 30. Kc2 Ra8 31. Kb2 Rh8 32. Kc2 1/2-1/2

[Event "Nabokov Memorial-B 11th"]
[White "Melnichuk, Mikhail"]
[Black "Anwesh, Upadhyaya"]
[Site "Kiev"]
[Round "6"]
[Result "1/2-1/2"]
[Date "2013.05.12"]
[WhiteElo "2355"]
[BlackElo "2367"]
[PlyCount "66"]
[EventDate "2013.05.07"]
[EventType "tourn"]
[EventRounds "9"]
[EventCountry "UKR"]
[EventCategory "3"]
[SourceTitle "CBM 154 Extra"]
[Source "ChessBase"]
[SourceDate "2013.06.25"]
[SourceVersion "2"]
[SourceVersionDate "2013.06.25"]
[SourceQuality "1"]

1. Nf3 d5 2. d4 Nf6 3. c4 e6 4. e3 c5 5. Nc3 Nc6 6. a3 cxd4 7. exd4 Be7 8. Bg5 0-0 9. Bd3 dxc4 10. Bxc4 Nd5 11. Be3 Bf6 12. 0-0 Nce7 13. Ne4 Nf5 14. Nxf6+ Nxf6 15. Qb3 b6 16. Bg5 Nd6 17. Ne5 h6 18. Bh4 Bb7 19. Ng4 Nde4 20. Nxf6+ Nxf6 21. Qe3 Nd5 22. Bxd8 Nxe3 23. fxe3 Rfxd8 24. Rac1 Rac8 25. Bb3 Ba6 26. Rfd1 Kf8 27. Kf2 Ke7 28. Rxc8 Rxc8 29. Rd2 Kd6 30. e4 Rc1 31. Rd1 Rxd1 32. Bxd1 e5 33. Ke3 exd4+ 1/2-1/2

[Event "Lvov Maksym Yusupov Memorial 1st"]
[White "Sychevskyy, Andriy"]
[Black "Melnichuk, Mikhail"]
[Site "Lvov"]
[Round "6"]
[Result "1/2-1/2"]
[Date "2013.02.03"]
[WhiteElo "2083"]
[BlackElo "2354"]
[PlyCount "39"]
[EventDate "2013.02.01"]
[EventType "tourn"]
[EventRounds "9"]
[EventCountry "UKR"]
[SourceTitle "CBM 152 Extra"]
[Source "ChessBase"]
[SourceDate "2013.02.25"]
[SourceVersion "1"]
[SourceVersionDate "2013.02.25"]
[SourceQuality "1"]

1. d4 Nf6 2. c4 e6 3. g3 Bb4+ 4. Bd2 Qe7 5. Nf3 Nc6 6. Nc3 Bxc3 7. Bxc3 Ne4 8. Rc1 0-0 9. Bg2 d6 10. d5 Nxc3 11. Rxc3 Nb8 12. dxe6 fxe6 13. Nd4 Na6 14. 0-0 c6 15. f4 Bd7 16. Qd2 Rad8 17. Rd1 Bc8 18. Re3 Qf6 19. Rf1 Qh6 20. Nf3 1/2-1/2

[Event "Nabokov Memorial-B 10th"]
[White "Melnichuk, Mikhail"]
[Black "Kernazhitsky, Leonid"]
[Site "Kiev"]
[Round "9"]
[Result "1-0"]
[Date "2012.04.26"]
[WhiteElo "2343"]
[BlackElo "2306"]
[PlyCount "109"]
[EventDate "2012.04.19"]
[EventType "tourn"]
[EventRounds "9"]
[EventCountry "UKR"]
[EventCategory "3"]
[SourceTitle "CBM 148 Extra"]
[Source "ChessBase"]
[SourceDate "2012.06.22"]
[SourceVersion "1"]
[SourceVersionDate "2012.06.22"]
[SourceQuality "1"]

1. e4 d5 2. exd5 Qxd5 3. Nc3 Qd6 4. d4 Nf6 5. Nf3 g6 6. Nb5 Qd8 7. Bf4 Na6 8. c4 Bg7 9. Be2 0-0 10. Nc3 c5 11. d5 Nh5 12. Be3 e5 13. dxe6 Qxd1+ 14. Rxd1 fxe6 15. Ng5 b6 16. Bf3 Rb8 17. 0-0 Nc7 18. Rd2 h6 19. Nge4 Ba6 20. Rd7 Rf7 21. Rfd1 Rbf8 22. Be2 Bc8 23. Rxf7 Kxf7 24. Nd6+ Ke7 25. Nxc8+ Rxc8 26. g4 Nf6 27. Bf4 Nfe8 28. h4 e5 29. Be3 Rd8 30. Rxd8 Kxd8 31. Bd3 Nf6 32. f3 g5 33. hxg5 hxg5 34. Bxg5 Ne6 35. Be3 Nf4 36. Be4 Bh6 37. Kf1 Bg5 38. Bf5 Bh4 39. Nb5 a6 40. Nd6 Nd7 41. Bxf4 exf4 42. Bxd7 Kxd7 43. Ne4 Ke6 44. Ke2 Ke5 45. Kd3 Be7 46. Nc3 Bd8 47. a4 Bc7 48. Ne4 Bd8 49. a5 Bc7 50. axb6 Bxb6 51. Nc3 Bc7 52. Nd5 Bd6 53. b3 Bb8 54. Ne7 Bc7 55. g5 1-0

[Event "Nabokov Memorial-B 10th"]
[White "Melnichuk, Mikhail"]
[Black "Dolzhikova, Kateryna"]
[Site "Kiev"]
[Round "7"]
[Result "1-0"]
[Date "2012.04.24"]
[WhiteElo "2343"]
[BlackElo "2322"]
[PlyCount "95"]
[EventDate "2012.04.19"]
[EventType "tourn"]
[EventRounds "9"]
[EventCountry "UKR"]
[EventCategory "3"]
[SourceTitle "CBM 148 Extra"]
[Source "ChessBase"]
[SourceDate "2012.06.22"]
[SourceVersion "1"]
[SourceVersionDate "2012.06.22"]
[SourceQuality "1"]

1. e4 c5 2. Nf3 d6 3. d4 cxd4 4. Nxd4 Nf6 5. Nc3 g6 6. Be3 Bg7 7. f3 Nc6 8. Qd2 0-0 9. 0-0-0 d5 10. exd5 Nxd5 11. Nxc6 bxc6 12. Bd4 Nxc3 13. Qxc3 Bh6+ 14. Be3 Bxe3+ 15. Qxe3 Qb6 16. Qxe7 Be6 17. Qa3 Rfd8 18. Bd3 Rd5 19. Rhe1 Rad8 20. Qc3 a5 21. a3 h5 22. Re5 Qf2 23. Rxd5 Rxd5 24. Qd2 Qh4 25. g3 Qf6 26. Qf4 Qd8 27. Re1 Bf5 28. Bxf5 Rxf5 29. Qe4 Qf6 30. f4 Rb5 31. c3 Rd5 32. Rd1 Rxd1+ 33. Kxd1 Qd6+ 34. Kc2 Qd7 35. f5 gxf5 36. Qe5 a4 37. Qf4 Qe6 38. Qxa4 Qe2+ 39. Kb1 Qxh2 40. Qf4 Qe2 41. Qxf5 Qe1+ 42. Ka2 Qxg3 43. Qxh5 Qd6 44. Qf5 Kf8 45. a4 Ke7 46. a5 Qc7 47. Qc5+ Kd7 48. a6 1-0

[Event "Nabokov Memorial-B 10th"]
[White "Dzhangirov, Dmitry"]
[Black "Melnichuk, Mikhail"]
[Site "Kiev"]
[Round "6"]
[Result "1-0"]
[Date "2012.04.23"]
[WhiteElo "2287"]
[BlackElo "2343"]
[PlyCount "65"]
[EventDate "2012.04.19"]
[EventType "tourn"]
[EventRounds "9"]
[EventCountry "UKR"]
[EventCategory "3"]
[SourceTitle "CBM 148 Extra"]
[Source "ChessBase"]
[SourceDate "2012.06.22"]
[SourceVersion "1"]
[SourceVersionDate "2012.06.22"]
[SourceQuality "1"]

1. e4 c5 2. Nf3 e6 3. b3 Nf6 4. e5 Nd5 5. Bb2 Nc6 6. Bb5 Nde7 7. Nc3 Qc7 8. Bxc6 Qxc6 9. Qe2 Nf5 10. Ne4 b6 11. d3 Bb7 12. Rg1 d5 13. exd6 Nxd6 14. Ne5 Qc7 15. Nxd6+ Bxd6 16. g3 0-0 17. 0-0-0 Bxe5 18. Bxe5 Qc6 19. f4 a5 20. g4 a4 21. g5 axb3 22. axb3 Ra2 23. Rg3 Rfa8 24. Bc3 Qd5 25. Qe5 Qxe5 26. Bxe5 Bd5 27. Bb2 b5 28. c4 Bc6 29. Re3 Kf8 30. Re5 Bf3 31. Rd2 Rc8 32. Re3 Bg4 33. Bxg7+ 1-0

[Event "Nabokov Memorial-B 10th"]
[White "Melnichuk, Mikhail"]
[Black "Baltag, Iulian"]
[Site "Kiev"]
[Round "2"]
[Result "1/2-1/2"]
[Date "2012.04.20"]
[WhiteElo "2343"]
[BlackElo "2420"]
[PlyCount "20"]
[EventDate "2012.04.19"]
[EventType "tourn"]
[EventRounds "9"]
[EventCountry "UKR"]
[EventCategory "3"]
[SourceTitle "CBM 148 Extra"]
[Source "ChessBase"]
[SourceDate "2012.06.22"]
[SourceVersion "1"]
[SourceVersionDate "2012.06.22"]
[SourceQuality "1"]

1. d4 d5 2. c4 c6 3. Nf3 Nf6 4. e3 Bf5 5. Nc3 e6 6. Bd3 Bxd3 7. Qxd3 Nbd7 8. 0-0 Bb4 9. Bd2 Bxc3 10. Bxc3 Ne4 1/2-1/2